000 00477nam a2200157 4500
001 138816
003 ES-MaACL
005 20230906195637.0
007 t|
008 070214s1974 sp r ||||1| spa d
100 1 _aSanz Sanz, Mariano.
_9103685
245 1 3 _aLa democracia
_b: (el auténtico ideal) /
_cMariano Sanz Sanz.
260 _aMadrid :
_b[s.n.],
_c1974 (
_fImp. Tutor)
300 _a170 p., 1 lám. :
_b`retr. aut.` ;
_c19 cm.
852 _aES-MaACL
_jA-6958
_bR.96253
999 _c138816
_d138816